000
00292nam a2200097Ia 4500
008
220204s9999 xx 000 0 und d
082
_a
339.5
_b
PRO
245
0
_a
Proceedings of the second meeting of advisory council on trade
260
_a
New Delhi
_b
Ministry of foreign trade
_c
1969
942
_c
BK
999
_c
23561
_d
23561